Les mangas les plus vendus en 2021 (Japon) - Statistiques

Statistiques générales
  • Ce quiz a été pris 371 fois
  • Le résultat moyen est 6 sur 10
Statistiques - réponses
Ventes 2021 Japon Réponse % Correct
7 002 583 One Piece
98%
29 511 021 Kimetsu no Yaiba
87%
30 917 746 Jujutsu Kaisen
76%
7 020 361 Boku no Hero Academia
64%
7 332 398 Shingeki no Kyojin
56%
24 981 486 Tokyo Revengers
50%
5 212 578 Chainsaw Man
42%
4 973 402 Spy x Family
39%
4 345 443 Haikyū!!
30%
4 672 612 Kingdom
26%
Aucun quiz correspondant
Distribution des résultats
% des personnes avec chaque résultat
Percentile par nombre de réponses
Votre historique - résultats
Vous n’avez pas pris ce quiz